000 00340nam a2200133Ia 4500
008 240624s9999 xx 000 0 und d
041 _aeng
082 _a153.153 KUC
100 _aKUCZALA MIKE
245 _aTRAINING IN MOTION HOW TO USE MOVEMENT T
260 _c2015
_aNew York
_bAmacom
300 _axvii, 204 p.; 23 cm.
365 _c
_b38
999 _c31637
_d31637